000 00912nam a2200253 a 4500
001 21829
003 BD-RjUL
005 20211209000732.0
008 140305s1935 enkab b 001 | eng d
035 _a(BD-RjUL)21894
040 _aBD-RjUL
_beng
_cBD-RjUL
_dBD-RjUL
041 _aeng
082 _a914.2
_bUNB
100 1 _aUnstead, J. F.
_q(John Frederick),
_d1876-1965
_967261
245 1 4 _aThe British Isles /
_c J.F. Unstead ; with numerous maps and diagrams specially prepared and other illustrations.
_nVolume I
260 _aLondon :
_bUniversity of London Press,
_c1935.
300 _axii, 292 p. :
_bill., maps ;
_c22 cm.
490 1 _aA systematic regional geography : a post matriculation course ;
_vv. 1
504 _aIncludes bibliography and index.
651 0 _aBritish Isles
_xGeography.
_967393
830 0 _vv. 1.
_967400
830 0 _aSystematic regional geography ;
_967401
942 _2ddc
_cBK
999 _c21829
_d21829